بوذا الأكبر : (رقم التسجيلة. 22982)

تفاصيل مارك
000 -LEADER
fixed length control field 00530nam a22001697a 4500
005 - DATE AND TIME OF LATEST TRANSACTION
control field 20251108165235.0
008 - FIXED-LENGTH DATA ELEMENTS--GENERAL INFORMATION
fixed length control field 250721s1957 xx 000 0 ara d
082 14 - DEWEY DECIMAL CLASSIFICATION NUMBER
Classification number 922.943/بوذ
100 1# - MAIN ENTRY--PERSONAL NAME
Personal name عبد القادر، حامد
245 10 - TITLE STATEMENT
Title بوذا الأكبر :
Remainder of title حياته و فلسفته /
264 1# - PRODUCTION, PUBLICATION, DISTRIBUTION, MANUFACTURE, AND COPYRIGHT NOTICE
Place of production, publication, distribution, manufacture مصر :
Name of producer, publisher, distributor, manufacturer مكتبة نهضة مصر،
Date of production, publication, distribution, manufacture, or copyright notice 1957.
300 ## - PHYSICAL DESCRIPTION
Extent 168ص
490 0# - SERIES STATEMENT
Series statement سلسلة قادة الفكر في الشرق و الغرب ؛ 8
650 17 - SUBJECT ADDED ENTRY--TOPICAL TERM
Topical term or geographic name as entry element البوذية
942 ## - ADDED ENTRY ELEMENTS (KOHA)
Source of classification or shelving scheme Dewey Decimal Classification
Koha item type كتب
المقتنيات
حالة السحب حالة الفقدان مصدر التصنيف حالة التلف غير قابل للإعارة المكتبة الرئيسية المكتبة الحالية موقع الرف تاريخ التزويد الرقم المتسلسل Total Checkouts رقم الإستدعاء الباركود تاريخ آخر ظهور تاريخ الفاتورة نوع المادة (كوها)
    Dewey Decimal Classification     المكتبة المركزية المكتبة المركزية الإعارة 06/07/2004 77906   922.943/بوذ 77906 28/07/2025 06/07/2004 كتب
Implemented & Customized by: BBB with SCIT (Smart Chains for Information Technology)

Powered by Koha